[Event "Bouhjar BICA Blitz op 03"]
[Site "Bouhjar"]
[Date "2021.03.28"]
[Round "6"]
[White "Chouchane, Amine"]
[Black "Noumi, Amir"]
[Result "1-0"]
[WhiteElo "1945"]
[BlackElo "1734"]
[PlyCount "68"]
[EventDate "2021.03.28"]
[EventType "swiss (blitz)"]
[EventRounds "9"]
[EventCountry "TUN"]
[SourceTitle "CBM 202 Extra"]
[Source "ChessBase"]
[SourceDate "2021.07.31"]
[SourceVersion "1"]
[SourceVersionDate "2021.07.31"]
[SourceQuality "1"]

1. e4 c5 2. Nf3 e6 3. d4 cxd4 4. Nxd4 a6 5. Bd3 Qc7 6. 0-0 Nf6 7. Nc3 b5 8. Re1 d6 9. Bg5 Be7 10. Kh1 Nbd7 11. f4 Bb7 12. Qf3 Rd8 13. Qh3 h6 14. Bxf6 Bxf6 15. Nxe6 fxe6 16. Qxe6+ Kf8 17. Nd5 Bxd5 18. exd5 Nc5 19. Qf5 Nxd3 20. cxd3 Kf7 21. Rac1 Qd7 22. Qh5+ g6 23. Qf3 Rhe8 24. Re2 Rxe2 25. Qxe2 Re8 26. Qf2 Qe7 27. h3 Qe3 28. Rc7+ Re7 29. Qxe3 Rxc7 30. Qe6+ Kg7 31. Qxd6 Rc1+ 32. Kh2 Bd4 33. Qe7+ Kg8 34. Qe6+ Kg7 1-0

[Event "Hammam Sousse Sahel Festival Blitz"]
[Site "Hammam Sousse"]
[Date "2019.04.21"]
[Round "2.4"]
[White "Chamam, Nazih"]
[Black "Chouchane, Amine"]
[Result "0-1"]
[WhiteElo "2093"]
[BlackElo "1948"]
[PlyCount "171"]
[EventDate "2019.04.21"]
[EventType "swiss (blitz)"]
[EventRounds "7"]
[EventCountry "TUN"]
[SourceTitle "EXT 2024"]
[Source "ChessBase"]
[SourceDate "2023.10.10"]
[SourceVersion "1"]
[SourceVersionDate "2023.10.10"]
[SourceQuality "1"]

1. d4 d5 2. Bg5 c5 3. dxc5 Nc6 4. e4 d4 5. c3 h6 6. Bh4 g5 7. Bg3 Bg7 8. Bc4 dxc3 9. Nxc3 Qa5 10. Nge2 Qxc5 11. Qb3 e6 12. Qb5 Qb4 13. Qxb4 Nxb4 14. 0-0-0 Bd7 15. Bd6 Nc6 16. Nb5 Rc8 17. Kb1 a6 18. Nbc3 Be5 19. Ba3 b5 20. Nxb5 axb5 21. Bxb5 Nge7 22. Rd3 Rb8 23. Ba4 Ra8 24. b3 Bc8 25. Rc1 Bb7 26. Rd2 Rxa4 27. bxa4 0-0 28. Rd7 Rb8 29. Kc2 Ng6 30. Rb1 Na5 31. Bb4 Rc8+ 32. Kd1 Bxe4 33. Rc1 Rxc1+ 34. Kxc1 Nc6 35. Bc3 Bxc3 36. Nxc3 Bxg2 37. Rc7 Nge5 38. Ne2 Bf3 39. Ng1 Bd5 40. a3 Bb3 41. a5 Nxa5 42. Ne2 Nac6 43. Nc3 Bc4 44. a4 Ba6 45. Nb5 Bxb5 46. axb5 Na5 47. b6 Kf8 48. b7 Nxb7 49. Rxb7 Kg7 50. Kd2 Kf6 51. Ke2 Kf5 52. Rb8 h5 53. h3 h4 54. Rb4 Ng6 55. Kf3 Nf4 56. Rb5+ e5 57. Rb7 f6 58. Ra7 Nxh3 59. Ra5 Nf4 60. Ra1 g4+ 61. Ke3 h3 62. Rb1 Kg5 63. Rb8 h2 64. Rb1 Kh4 65. Rb8 h1R 66. Rh8+ Nh5 67. Rh6 Kg5 68. Rh8 Re1+ 69. Kd2 Ra1 70. Ke2 Nf4+ 71. Ke3 Ra3+ 72. Kd2 Kf5 73. Rd8 Ra2+ 74. Ke1 Ra1+ 75. Kd2 Ke4 76. Rf8 f5 77. Rb8 Kf3 78. Rb5 Ra2+ 79. Ke1 Re2+ 80. Kd1 Rxf2 81. Rxe5 Rf1+ 82. Kd2 Rf2+ 83. Kd1 g3 84. Ra5 g2 85. Ra3+ Kg4 86. Ke1 0-1

[Event "Hammam Sousse Sahel Festival Blitz"]
[Site "Hammam Sousse"]
[Date "2019.04.21"]
[Round "7.5"]
[White "Zaydia, Marwen"]
[Black "Chouchane, Amine"]
[Result "1-0"]
[WhiteElo "2041"]
[BlackElo "1948"]
[PlyCount "96"]
[EventDate "2019.04.21"]
[EventType "swiss (blitz)"]
[EventRounds "7"]
[EventCountry "TUN"]
[SourceTitle "EXT 2024"]
[Source "ChessBase"]
[SourceDate "2023.10.10"]
[SourceVersion "1"]
[SourceVersionDate "2023.10.10"]
[SourceQuality "1"]

1. e4 c5 2. Nf3 d6 3. d4 cxd4 4. Qxd4 Nf6 5. Bg5 Nc6 6. Bb5 e5 7. Bxc6+ bxc6 8. Qd3 Be7 9. 0-0 0-0 10. c4 h6 11. Bxf6 Bxf6 12. Nc3 Rb8 13. b3 Be7 14. c5 Bg4 15. cxd6 Bxf3 16. Qxf3 Qxd6 17. Rfd1 Qe6 18. h3 Bc5 19. Na4 Bd4 20. Rac1 Rfd8 21. Rc2 Rb4 22. Rdc1 Rxa4 23. bxa4 c5 24. Qb3 Qc6 25. Re2 Rc8 26. Qb5 c4 27. Qxc6 Rxc6 28. Kf1 c3 29. f4 f6 30. fxe5 fxe5 31. Rec2 Rc4 32. Ke2 Rxa4 33. Kd3 Kf7 34. Rb1 Kg6 35. g4 Ra6 36. Rb7 Rf6 37. h4 Rf3+ 38. Kc4 Rf4 39. h5+ Kh7 40. Rg2 Rxe4 41. g5 Be3+ 42. Kd5 Rd4+ 43. Ke6 Bxg5 44. Kxe5 Rd2 45. Rg3 c2 46. Rc7 Re2+ 47. Kd4 c1Q 48. Rc6 Qc2 1-0

[Event "TUN-chTB"]
[Site "Hammamet"]
[Date "2019.03.16"]
[Round "7.3"]
[White "Chouchane, Amine"]
[Black "Guirat, Saber"]
[Result "1/2-1/2"]
[WhiteElo "1975"]
[BlackElo "1864"]
[PlyCount "60"]
[EventDate "2019.02.09"]
[EventType "team-tourn"]
[EventRounds "11"]
[EventCountry "TUN"]
[SourceTitle "EXT 2021"]
[Source "ChessBase"]
[SourceDate "2020.10.23"]
[SourceVersion "1"]
[SourceVersionDate "2020.10.23"]
[SourceQuality "1"]

1. e4 c5 2. Nf3 e6 3. d4 cxd4 4. Nxd4 a6 5. Nc3 Qc7 6. Bd3 Nf6 7. 0-0 Nc6 8. Nxc6 dxc6 9. Re1 e5 10. a4 a5 11. Bc4 Bg4 12. f3 Bc5+ 13. Kh1 Be6 14. Bxe6 fxe6 15. Qd3 Rd8 16. Qc4 Qe7 17. Be3 Bxe3 18. Rxe3 Rd4 19. Qb3 0-0 20. Rd3 Nh5 21. Ne2 Rxd3 22. cxd3 Rd8 23. Rd1 c5 24. Qc3 Qc7 25. Qc4 Qd6 26. g3 b6 27. Kg2 g5 28. Qc1 Qe7 29. Qe3 Kh8 30. Rh1 Rg8 1/2-1/2

[Event "TUN-ch rapid"]
[Site "Sousse"]
[Date "2018.11.25"]
[Round "5"]
[White "Chouchane, Amine"]
[Black "Messaoudi, Fethi"]
[Result "1/2-1/2"]
[WhiteElo "2003"]
[BlackElo "1517"]
[PlyCount "69"]
[EventDate "2018.11.24"]
[EventType "swiss (rapid)"]
[EventRounds "9"]
[EventCountry "TUN"]
[SourceTitle "CBM 187 Extra"]
[Source "ChessBase"]
[SourceDate "2018.11.04"]
[SourceVersion "1"]
[SourceVersionDate "2018.11.04"]
[SourceQuality "1"]

1. Nf3 c5 2. c4 Nf6 3. g3 Nc6 4. Bg2 e6 5. Nc3 Be7 6. 0-0 0-0 7. d4 cxd4 8. Nxd4 a6 9. e4 d6 10. b3 Qc7 11. a4 Bd7 12. Ba3 Rfd8 13. h3 Nxd4 14. Qxd4 Rac8 15. Rfd1 Bc6 16. Rd2 a5 17. Rad1 Nd7 18. Bxd6 Bxd6 19. Qxd6 Qxd6 20. Rxd6 Kf8 21. e5 Bxg2 22. Kxg2 Ke7 23. f4 Nc5 24. Rb6 Rxd1 25. Nxd1 Rd8 26. Nf2 Rd2 27. Kf3 Rb2 28. Ne4 Rxb3+ 29. Rxb3 Nxb3 30. Ke3 b6 31. Nd6 Nc5 32. Nc8+ Kd8 33. Nd6 Nxa4 34. Nxf7+ Ke7 35. Ng5 1/2-1/2

[Event "Monastir Moknine op-B"]
[Site "Monastir"]
[Date "2017.09.10"]
[Round "7"]
[White "Elnaami, Hashem Ak"]
[Black "Chouchane, Amine"]
[Result "0-1"]
[WhiteElo "1929"]
[BlackElo "1993"]
[PlyCount "110"]
[EventDate "2017.09.05"]
[EventType "swiss"]
[EventRounds "9"]
[EventCountry "TUN"]
[SourceTitle "EXT 2019"]
[Source "ChessBase"]
[SourceDate "2018.10.10"]
[SourceVersion "1"]
[SourceVersionDate "2018.10.10"]
[SourceQuality "1"]

1. d4 c5 2. e3 Nf6 3. Nf3 g6 4. Be2 Bg7 5. 0-0 Qc7 6. c4 d6 7. b3 0-0 8. Bb2 Bg4 9. h3 Bd7 10. Nc3 a6 11. a3 Nc6 12. Qc2 cxd4 13. exd4 Nh5 14. Nd5 Qd8 15. c5 Rc8 16. Nb6 Nxd4 17. Bxd4 Bxd4 18. Nxc8 Bxa1 19. Nxd6 exd6 20. Rxa1 Qc7 21. Rc1 Rc8 22. b4 Nf4 23. Bc4 dxc5 24. bxc5 Bc6 25. Qb3 Re8 26. Re1 Rxe1+ 27. Nxe1 Qe7 28. Nf3 Kg7 29. Qc3+ f6 30. Qe3 Qxe3 31. fxe3 Nxh3+ 32. Kf1 Ng5 33. Nd4 Ne4 34. Bxa6 Nxc5 35. Bb5 Bd5 36. a4 Kf7 37. Ne2 Bb3 38. a5 Ke7 39. Nc3 Kd6 40. Kf2 f5 41. Kg3 Na6 42. Kh4 Kc5 43. Kg5 Kb4 44. Bxa6 bxa6 45. Ne2 Kxa5 46. Kh6 Kb4 47. Kxh7 Bd1 48. Nd4 Bh5 49. Kh6 a5 50. Kg5 a4 51. e4 fxe4 52. g4 Kc3 53. Nb5+ Kd2 54. gxh5 gxh5 55. Kf4 e3 0-1

[Event "Mediterranean-ch U20"]
[Site "Chania"]
[Date "2010.09.01"]
[Round "2"]
[White "Chouchane, Amine"]
[Black "Komninos, Haralambos"]
[Result "1-0"]
[WhiteElo "2006"]
[BlackElo "1715"]
[PlyCount "46"]
[EventDate "2010.09.01"]
[EventType "swiss"]
[EventRounds "9"]
[EventCountry "GRE"]
[SourceTitle "CBM 138 Extra"]
[Source "ChessBase"]
[SourceDate "2010.10.29"]
[SourceVersion "1"]
[SourceVersionDate "2010.10.29"]
[SourceQuality "1"]

1. e4 c5 2. Nf3 d6 3. d4 cxd4 4. Nxd4 Nf6 5. Nc3 a6 6. Bc4 e6 7. Bb3 Bd7 8. Bg5 Be7 9. Qe2 Qc7 10. 0-0-0 Nc6 11. f4 b5 12. Rhe1 Na5 13. Nf5 Nxb3+ 14. axb3 h6 15. e5 dxe5 16. fxe5 hxg5 17. Nxe7 Kxe7 18. exf6+ Kf8 19. fxg7+ Kxg7 20. Qd2 Rxh2 21. Qxg5+ Kf8 22. Rh1 b4 23. g3 bxc3 1-0

[Event "Arab-ch U18"]
[Site "Tripoli"]
[Date "2010.02.02"]
[Round "8"]
[White "Hayder, Farhan Al Hasnawi"]
[Black "Chouchane, Amine"]
[Result "0-1"]
[WhiteElo "1975"]
[BlackElo "1951"]
[PlyCount "44"]
[EventDate "2010.01.28"]
[EventType "swiss"]
[EventRounds "9"]
[EventCountry "LBY"]
[SourceTitle "CBM 134 Extra"]
[Source "ChessBase"]
[SourceDate "2010.03.03"]
[SourceVersion "1"]
[SourceVersionDate "2010.03.03"]
[SourceQuality "1"]

1. d4 d5 2. Nf3 Nf6 3. e3 e6 4. Bd3 Nbd7 5. Nbd2 Bd6 6. 0-0 0-0 7. c3 c5 8. Re1 e5 9. e4 Re8 10. exd5 cxd4 11. cxd4 Nxd5 12. Nc4 Bb4 13. Bd2 exd4 14. Bxh7+ Kxh7 15. Ng5+ Kg6 16. Qc2+ f5 17. g4 N7f6 18. Ne5+ Rxe5 19. Rxe5 Nxg4 20. Ne6 Qf6 21. Rxd5 Bxe6 22. Rb5 Rc8 0-1

[Event "Arab-ch U18"]
[Site "Tripoli"]
[Date "2010.01.30"]
[Round "3"]
[White "Eiti, Bashir"]
[Black "Chouchane, Amine"]
[Result "1-0"]
[WhiteElo "1938"]
[BlackElo "1951"]
[PlyCount "119"]
[EventDate "2010.01.28"]
[EventType "swiss"]
[EventRounds "9"]
[EventCountry "LBY"]
[SourceTitle "CBM 134 Extra"]
[Source "ChessBase"]
[SourceDate "2010.03.03"]
[SourceVersion "1"]
[SourceVersionDate "2010.03.03"]
[SourceQuality "1"]

1. d4 d5 2. Nf3 Nf6 3. Bf4 e6 4. e3 Nbd7 5. Nbd2 c5 6. c3 h6 7. Ne5 Qb6 8. Qc2 Be7 9. Bd3 Nxe5 10. Bxe5 Bd7 11. 0-0 Rc8 12. e4 0-0 13. dxc5 Qxc5 14. Bd4 Qc7 15. e5 Nh5 16. f4 Bc5 17. Nb3 Ba4 18. Qf2 Bxd4 19. Qxd4 Bxb3 20. axb3 g6 21. Rxa7 Ra8 22. Rfa1 Rab8 23. b4 Rfc8 24. R1a5 Qe7 25. g3 Qd8 26. Rc5 Ra8 27. Rxb7 Ra1+ 28. Bf1 Rca8 29. Rcc7 Rb1 30. Ra7 Rxb2 31. Rxf7 Qe8 32. Rfe7 Qb8 33. Qd3 Qxa7+ 34. Rxa7 Rxa7 35. Qxg6+ Ng7 36. f5 exf5 37. Ba6 Rc7 38. c4 dxc4 39. Qd6 Ne8 40. Qd8 Kf8 41. Bb5 Re7 42. Bxe8 Rxe8 43. Qf6+ Kg8 44. e6 Rb1+ 45. Kg2 Ra8 46. Qg6+ Kh8 47. Qxh6+ Kg8 48. Qg6+ Kh8 49. Qf6+ Kg8 50. Qf7+ Kh8 51. e7 Re1 52. Qf8+ Kh7 53. Qxa8 Rxe7 54. Qd5 Rc7 55. Qxf5+ Kg8 56. Qd5+ Kh7 57. b5 c3 58. b6 c2 59. Qh5+ Kg7 60. Qg5+ 1-0